000 00546nam a2200181Ia 4500
003 GCL
005 20240530100652.0
008 140319s9999 xx 000 0 eng d
040 _aGCL /
_cGCL
082 0 4 _a320.60973
_bW P
100 1 _aWILLIAMS, DAVID G
245 1 0 _aPLENARY REVIEW : A MACRO - POLICY APPROACH TO IMPROVE PUBLIC POLICY /
_cWILLIAMS, DAVID G
260 _a[S.N] :
_bTHINK ABOUT PRESS FOR THE INTERACTIVITY ،
_c1991
650 0 4 _aUNITED STATES - PLANNING
650 0 4 _aUNITED STATES
650 0 4 _aPOLICY
942 _2ddc
_cBK
999 _c19468
_d19468